000 00651nam a2200205Ia 4500
003 GCL
008 140319s9999 xx 000 0 ara d
040 _aGCL /
_cGCL
082 0 4 _a212
_bم م
100 1 _aابن قدامة المقدسى، احمد
245 1 0 _aمختصر منهاج القاصدين /
_cابن قدامة المقدسى، احمد
700 1 _aمحمد احمد الدهمان
260 _a[S.N] :
_bمكتبة دار البيان ،
_c1978
300 _a415 ص
490 _a
650 0 4 _aالاسلام
650 0 4 _aالاخلاق الاسلامية
650 0 4 _aالاداب الاسلامية
942 _2ddc
_cBK
999 _c52607
_d52607